|
|
|
|
| LEADER |
01084nab#a2200397#ar4500 |
| 001 |
000107621 |
| 003 |
SVKKK |
| 005 |
20120420080915.0 |
| 008 |
120306c2012 xo |||||||||||||||b|eng |
| FMT |
|
|
|
| 015 |
|
|
|a SNBRB2012/03
|
| 038 |
|
|
|a SVKKK
|
| 040 |
|
|
|a SVKKK
|b slo
|e AACR2
|
| 041 |
0 |
|
|a eng
|b eng
|
| 044 |
|
|
|a xo
|c SK
|
| 080 |
|
|
|a 621.319.1
|2 1997
|
| 080 |
|
|
|a 669.15-194.57
|2 1997
|
| 100 |
1 |
|
|a Ghazanfar, U.
|4 aut
|
| 242 |
1 |
0 |
|a Štúdium elektrických vlastností Cu-Zn feritov s prídavkom Si
|
| 245 |
1 |
0 |
|a Study of electrical properties of Cu-Zn ferrite with Si additive
|c U. Ghazanfar
|
| 300 |
|
|
|b Obr., tab.
|
| 504 |
|
|
|a Bibliogr. odkazy
|
| 504 |
|
|
|a Res. angl.
|
| 650 |
0 |
4 |
|a feroelektrické materiály
|
| 650 |
0 |
4 |
|a ferity Cu-Zn
|
| 650 |
0 |
4 |
|a kremík
|
| 650 |
0 |
4 |
|a elektrické vlastnosti
|
| 773 |
0 |
|
|t Kovové materiály
|g Roč. 50, č. 1 (2012), s. 39-42
|x 1338-4252
|
| 958 |
|
|
|a NB
|
| 974 |
|
|
|a Ma
|
| 992 |
|
|
|a RBX
|
| BAS |
|
|
|
| 852 |
|
|
|a SVKKK
|b BIB
|
| 856 |
4 |
1 |
|u http://www.kovmat.sav.sk/abstract.php?rr=50&cc=1&ss=40
|
| EXP |
|
|
|
| 998 |
|
|
|a HUT
|